LIBRARY & INFORMATION CENTRE, KCAET, TAVANUR

ONLINE PUBLIC ACCESS CATALOGUE (OPAC)

Processing and conveying equipment design (Record no. 15386)

MARC details
000 -LEADER
fixed length control field 00364nam a22001457a 4500
020 ## - INTERNATIONAL STANDARD BOOK NUMBER
ISBN 9788183601092
082 ## - DEWEY DECIMAL CLASSIFICATION NUMBER
Classification number 664.8
Item number PHI/PR
100 ## - MAIN ENTRY--AUTHOR NAME
Personal name Phirke, Prabhakar, S
245 ## - TITLE STATEMENT
Title Processing and conveying equipment design
250 ## - EDITION STATEMENT
Edition statement 2nd
260 ## - PUBLICATION, DISTRIBUTION, ETC. (IMPRINT)
Place of publication New Delhi
Name of publisher Jain Brothers
Year of publication 2009
300 ## - PHYSICAL DESCRIPTION
Number of Pages 271p
700 ## - ADDED ENTRY--PERSONAL NAME
Personal name Siripurapu, S.C.B
942 ## - ADDED ENTRY ELEMENTS (KOHA)
Koha item type Book Bank scheme for SC students
Holdings
Withdrawn status Lost status Damaged status Home library Current library Shelving location Date acquired Full call number Accession Number Koha item type
      KAUAET KAUAET Scheme 31/03/2018 664.8 PHI/PR BB 490 Book Bank scheme for SC students
      KAUAET KAUAET Scheme 31/03/2018 664.8 PHI/PR BB 491 Book Bank scheme for SC students
free website counter